| 000 | 00679cab a22002175a 4500 | ||
|---|---|---|---|
| 001 | L159967 | ||
| 008 | 150113e2016 xxk 000 0 eng d | ||
| 035 | _a(Sirsi) u159967 | ||
| 041 | 0 | _aeng | |
| 100 | 1 | _aKamar, Lucile | |
| 245 | 0 | 0 | _aDiverse and dynamic |
| 260 |
_aLondon _bRICS _c2016 |
||
| 490 |
_aRICS Building Surveying Journal _vDecember 2016 - January 2017, 23(1) |
||
| 520 | _aSets out the case for a more diverse workplace, and looks at how RICS is helping members to make it a reality. | ||
| 650 | 2 | 4 | _aABOUT RICS-RICS MEMBERS |
| 650 | 2 | 4 | _aWOMEN |
| 650 | 2 | 4 | _aDIVERSITY |
| 650 | 2 | 4 | _aINCLUSIVE EMPLOYER QUALITY MARK |
| 690 | _aABOUT RICS | ||
| 942 |
_n0 _2ddc |
||
| 999 |
_c85088 _d85088 |
||